<?xml version="1.0" encoding="UTF-8"?>
<record
    xmlns:xsi="http://www.w3.org/2001/XMLSchema-instance"
    xsi:schemaLocation="http://www.loc.gov/MARC21/slim http://www.loc.gov/standards/marcxml/schema/MARC21slim.xsd"
    xmlns="http://www.loc.gov/MARC21/slim">

  <leader>01567nam a22001337a 4500</leader>
  <datafield tag="999" ind1=" " ind2=" ">
    <subfield code="c">528322</subfield>
    <subfield code="d">528322</subfield>
  </datafield>
  <controlfield tag="008">241129b           ||||| |||| 00| 0 eng d</controlfield>
  <datafield tag="100" ind1=" " ind2=" ">
    <subfield code="a">Sajoy, P. B. and Ajoy,  P. B.</subfield>
    <subfield code="9">49147</subfield>
  </datafield>
  <datafield tag="245" ind1=" " ind2=" ">
    <subfield code="a">Understanding artificial intelligence: A layman&#x2019;s overview </subfield>
  </datafield>
  <datafield tag="260" ind1=" " ind2=" ">
    <subfield code="a">Chartered Secretary: The Journal for Governance Professional </subfield>
  </datafield>
  <datafield tag="300" ind1=" " ind2=" ">
    <subfield code="a">54(11), Nov, 2024: p.46-48</subfield>
  </datafield>
  <datafield tag="520" ind1=" " ind2=" ">
    <subfield code="a">This article explores the evolution and applications of Artificial Intelligence (AI), emphasizing its attempt in replicating human intelligence. It also distinguishes between objective functions, like arithmetic calculations, and subjective functions, such as decision-making, illustrating how Artificial Intelligence systems are designed to learn and adapt autonomously. The discussion outlines the three stages of development of Artificial Intelligence: Symbolic Artificial Intelligence, Machine Learning and the anticipated emergence of Artificial Super Intelligence. Various sectors, including healthcare, finance, and education are highlighted as key areas of Artificial Intelligence applications. Existing Artificial Intelligence systems, while not fully capable of replacing the functions of a Company Secretary, can still assist in their professional performance. As Artificial Intelligence continues to advance, the implication for society becomes increasingly significant and complex.- Reproduced 

https://www.icsi.edu/media/webmodules/CSJ/November-2024/ICSI_November_2024.pdf
</subfield>
  </datafield>
  <datafield tag="773" ind1=" " ind2=" ">
    <subfield code="a">Chartered Secretary: The Journal for Governance Professional </subfield>
  </datafield>
  <datafield tag="942" ind1=" " ind2=" ">
    <subfield code="c">AR</subfield>
  </datafield>
  <datafield tag="952" ind1=" " ind2=" ">
    <subfield code="0">0</subfield>
    <subfield code="1">0</subfield>
    <subfield code="2">ddc</subfield>
    <subfield code="4">0</subfield>
    <subfield code="7">0</subfield>
    <subfield code="9">403416</subfield>
    <subfield code="a">IIPA</subfield>
    <subfield code="b">IIPA</subfield>
    <subfield code="d">2024-11-29</subfield>
    <subfield code="h">54(11), Nov, 2024: p.46-48</subfield>
    <subfield code="p">AR133715</subfield>
    <subfield code="r">2024-11-29</subfield>
    <subfield code="y">AR</subfield>
  </datafield>
</record>
